000 00265nam a2200109Ia 4500
008 200302s9999 xx 000 0 und d
100 _aPramod Kumar and Others
245 _aRoyal Rajasthon
260 _bRoli Books in Arrangement
260 _c2007
300 _a192 P.,
999 _c4048
_d4048